Management osobního času Jen tak uniknete časové pasti

Gespeichert in:
Bibliographische Detailangaben
1. Verfasser: Haynes, Marion E.
Weitere Verfasser: Spal, Josef (Übersetzung)
Format: Buch
Sprache:Tschechisch
Deutsch
Veröffentlicht: Praha Linde, a.s. 1993
Schlagworte:
Online-Zugang:Im OPAC anzeigen
Tags: Tag hinzufügen
Keine Tags, Fügen Sie das erste Tag hinzu!

MARC

LEADER 00000nam a2200000 a 4500
005 20260127134337.0
008 081122s1993 xo cze d
020 |c 125.00 
035 |a vtls009422047 
035 |a BJKDG14552 
039 9 |a 200902111057  |b mschk03  |y 200811221730  |z VLOAD 
040 |a BJKDG  |b slo  |c BJKDG  |d STUSCHK1 
041 1 |a cze  |h ger 
080 |a 339.1.012.23 
100 1 |a Haynes, Marion E. 
240 1 |a Persönliches Zeitmanagement 
245 1 |a Management osobního času  |b Jen tak uniknete časové pasti  |c Marion E. Haynes ; [z nemeckého originálu Persönliches Zeitmanagement prel. Josef Spal] 
260 |a Praha  |b Linde, a.s.  |c 1993 
300 |a 84 s. brož. 
650 0 7 |a manažment  |2 BJKDG 
700 1 |a Spal, Josef  |4 trl 
765 0 |t Persönliches Zeitmanagement  |a Haynes, Marion E. 
910 |a bjkdg 
910 |a SCHK95 
999 |c 10344  |d 10344 
942 0 0 |0 1